000 01454nam a2200325 a 4500
001 00000218
003 DO-SdBNP
005 20160411131741.0
007 00000218
008 150130s2012 dr ac 000 0 spa d
020 _a9789945174137
040 _aBPMSU
_bspa
_cBPMSU
092 _a372.7
_bM425e, 7mo. 2012
245 0 0 _aMatemática 7 :
_beducación básica /
_cdirección editorial Doris Arroba Jácome ; coordinación Anna Rogero Soler
260 _aSanto Domingo :
_bSM,
_c2012.
300 _a215 p. :
_bil., retrs. ;
_c29 cm.
490 1 _aProyecto Sé
505 1 _gunidad 1 --
_tNúmeros enteros I --
_gunidad 2 --
_tNúmeros enteros II --
_gunidad 3 --
_tNúmeros racionales I --
_gunidad 4 --
_tNúmeros racionales II --
_gunidad 5 --
_tMagnitudes proporcionales --
_gunidad 6 --
_tPorcentajes --
_gunidad 7 --
_tPuntos, rectas, ángulos y polígonos --
_gunidad 8 --
_tCuerpos geométricos. Áreas y volumen --
_gunidad 9 --
_tDatos estadísticos. Gráficos --
_gunidad 10 --
_tProbabilidad --
650 _aMATEMÁTICAS
_xENSEÑANZA BÁSICA
650 _aMATEMÁTICAS
_xENSEÑANZA ELEMENTAL
650 _aEDUCACIÓN PRIMARIA
_zREPÚBLICA DOMINICANA
650 _aMATEMÁTICAS
_xESTUDIOS Y EJERCICIOS
650 _aMATEMÁTICAS
_zLIBROS DE TEXTOS
700 1 2 _aArroba Jácome, Doris
_eed.
700 1 2 _aRogero Soler, Anna
830 0 _aProyecto Sé
910 _aValidado. Control de calidad MFF
942 _2ddc
_cBK
956 _aYLOCKWARD
_b10
999 _c9487
_d9487